Representation theory and higher algebraic K-theory / (Record no. 30014)

000 -LEADER
fixed length control field 00696 a2200193 4500
020 ## - INTERNATIONAL STANDARD BOOK NUMBER
International Standard Book Number 158488603X
020 ## - INTERNATIONAL STANDARD BOOK NUMBER
International Standard Book Number 9781584886037
082 04 - DEWEY DECIMAL CLASSIFICATION NUMBER
Classification number 512.66
090 ## - LOCALLY ASSIGNED LC-TYPE CALL NUMBER (OCLC); LOCAL CALL NUMBER (RLIN)
-- 1402
-- 1402
100 1# - MAIN ENTRY--PERSONAL NAME
Personal name Kuku, Aderemi.
245 10 - TITLE STATEMENT
Title Representation theory and higher algebraic K-theory /
Statement of responsibility, etc. Aderemi Kuku.
260 ## - PUBLICATION, DISTRIBUTION, ETC.
Place of publication, distribution, etc. [S.l.] :
Name of publisher, distributor, etc. Chapman and Hall/CRC,
Date of publication, distribution, etc. 2007.
300 ## - PHYSICAL DESCRIPTION
Extent 442 p. ;
Dimensions 24 cm.
490 1# - SERIES STATEMENT
Series statement Chapman & hall/crc pure and applied mathematics.
700 ## - ADDED ENTRY--PERSONAL NAME
Personal name Kuku, Aderemi.
830 #0 - SERIES ADDED ENTRY--UNIFORM TITLE
Uniform title Chapman & hall/crc pure and applied mathematics.
942 ## - ADDED ENTRY ELEMENTS (KOHA)
Institution code [OBSOLETE] SNS
Koha item type Book
Call number prefix 512.66 KUK
Holdings
Withdrawn status Lost status Damaged status Not for loan Permanent Location Current Location Date acquired Total Checkouts Full call number Barcode Date last seen Price effective from Koha item type
        School of Natural Sciences (SNS) School of Natural Sciences (SNS) 05/26/2016   512.66 KUK SNS0000559 05/26/2016 05/26/2016 Book
© 2023 Central Library, National University of Sciences and Technology. All Rights Reserved.